| 000 | 00505nam a22001697a 4500 | ||
|---|---|---|---|
| 020 | _a81900893510 | ||
| 082 |
_a629.2 _bMOH _cN-01, P-169 |
||
| 100 |
_aMohanty, R.K _944407 |
||
| 245 |
_aAutomobile engineering _bengines, performance & testing _cMohanty, R.K |
||
| 250 | _a1st | ||
| 260 |
_aDelhi _bStandard book house _c2006 |
||
| 300 |
_a874 p. _bill. _c27 cm |
||
| 526 |
_a0 _b0 _c0 _d629_200000000000000_MOH |
||
| 650 |
_aengines, performance & testing _944408 |
||
| 650 |
_aNUST _96342 |
||
| 942 |
_2ddc _cBK |
||
| 999 |
_c548201 _d548201 |
||